Eastern Utah Libraries Catalog: Duchesne, Heber, Roosevelt, & Vernal

The seagull / (Record no. 224570)

MARC details
000 -LEADER
fixed length control field 01153cam a22003498i 4500
001 - CONTROL NUMBER
control field BK0020217991
003 - CONTROL NUMBER IDENTIFIER
control field DLC
005 - DATE AND TIME OF LATEST TRANSACTION
control field 20170811113741.0
008 - FIXED-LENGTH DATA ELEMENTS--GENERAL INFORMATION
fixed length control field 170512s2017 nyu 000 1 eng d
010 ## - LIBRARY OF CONGRESS CONTROL NUMBER
LC control number 2017018842
020 ## - INTERNATIONAL STANDARD BOOK NUMBER
International Standard Book Number 9781250124869 : HRD
Terms of availability 25.99
020 ## - INTERNATIONAL STANDARD BOOK NUMBER
International Standard Book Number 1250124867 : HRD
Terms of availability 25.99
Cancelled/invalid ISBN 9781250124876 (ebook)
037 ## - SOURCE OF ACQUISITION
Source of stock number/acquisition St Martins Pr, C/O Mps 16365 James Madison Hwy Us Hwy 15, Gordonsville, VA, USA, 22942, (212)6745151
Note SAN 631-5011
040 ## - CATALOGING SOURCE
Original cataloging agency DLC
Language of cataloging eng
Description conventions rda
Transcribing agency DLC
Modifying agency NjBwBT
050 00 - LIBRARY OF CONGRESS CALL NUMBER
Classification number PR6053.L45
Item number S43 2017
082 00 - DEWEY DECIMAL CLASSIFICATION NUMBER
Classification number 823/.914
Edition number 23
092 ## - LOCALLY ASSIGNED DEWEY CALL NUMBER (OCLC)
Classification number 823.9140
100 1# - MAIN ENTRY--PERSONAL NAME
Personal name Cleeves, Ann,
Relator term author.
245 14 - TITLE STATEMENT
Title The seagull /
Statement of responsibility, etc Ann Cleeves.
250 ## - EDITION STATEMENT
Edition statement First U.S. edition.
263 ## - PROJECTED PUBLICATION DATE
Projected publication date 1709
264 #1 - Production, Publication, Distribution, Manufacture, and Copyright Notice.
Place of production, publication, distribution, manufacture New York :
Name of producer, publisher, distributor, manufacturer Minotaur Books,
Date of production, publication, distribution, manufacture, or copyr 2017.
300 ## - PHYSICAL DESCRIPTION
Extent pages cm.
336 ## - Content Type
Content type term text
337 ## - Media type
Media type term unmediated
338 ## - Carrier type
Carrier type term volume
490 1# - SERIES STATEMENT
Series statement A Vera Stanhope mystery
500 ## - GENERAL NOTE
General note "A Thomas Dunne book."
650 #0 - SUBJECT ADDED ENTRY--TOPICAL TERM
Topical term or geographic name as entry element Women detectives
Geographic subdivision England
Form subdivision Fiction.
650 #0 - SUBJECT ADDED ENTRY--TOPICAL TERM
Topical term or geographic name as entry element Murder
General subdivision Investigation
Form subdivision Fiction.
655 #7 - INDEX TERM--GENRE/FORM
Genre/form data or focus term Mystery fiction.
Source of term gsafd
800 1# - SERIES ADDED ENTRY--PERSONAL NAME
Personal name Cleeves, Ann.
Title of a work Vera Stanhope series.
Holdings
Withdrawn status Lost status Source of classification or shelving scheme Damaged status Not for loan Collection code Home library Current library Shelving location Date acquired Source of acquisition Cost, normal purchase price Total Checkouts Total Renewals Full call number Barcode Date last seen Date checked out Cost, replacement price Price effective from Koha item type
    Dewey Decimal Classification     Fiction Wasatch County Library Wasatch County Library First Floor 10/22/2018 Donation 25.95 13 7 F Cleeves 34301001565920 04/14/2025 04/02/2025 25.95 03/20/2020 BOOK
This project was made possible through a grant from the Institute of Museum and Library Service administered by the Utah State Library Division.

Wasatch County Library

  • 465 East 1200 South, Heber City, Utah 84032
  • Phone 435-654-1511 | Fax 435-654-6456

Hours

  • Monday - Friday 9:30 AM - 8:00 PM
  • Saturday 9:30 AM - 1:30 PM
  • Closed Sundays and Holidays